[Event "9th LCC FIDE Open 2017"]
[Site "London"]
[Date "2017.12.09"]
[Round "9"]
[White "Zujev, Oleg"]
[Black "Fernandez, Daniel Howard"]
[Result "1/2-1/2"]
[WhiteElo "2381"]
[BlackElo "2500"]
[Annotator "TA"]
[PlyCount "234"]
[EventDate "2017.??.??"]
[EventCountry "ENG"]
[SourceTitle "playchess.com"]
[Source "ChessBase"]
[SourceQuality "1"]

{[%evp 9,234,50,49,47,94,33,43,0,57,0,0,0,12,17,37,19,27,19,107,93,284,292,472,281,265,272,298,275,299,289,349,331,314,171,160,166,168,99,104,91,95,42,46,10,7,0,0,0,0,0,-1,-6,0,-5,-1,-39,-34,-36,-46,-59,-18,-24,-19,-25,0,-14,0,-25,-25,-30,-21,-21,-20,-28,-17,-29,-28,-26,-28,-16,-2,-6,-8,-4,0,0,0,0,0,0,0,0,0,0,0,0,8,-37,-37,-37,-37,-38,-37,-37,-37,-39,-40,-51,-51,-51,-51,-51,-51,-57,-57,-57,-57,-57,-54,-54,-54,-57,-57,-57,-51,-51,-51,-53,-51,-51,-50,-55,-51,-55,-51,-56,-50,-50,-50,-64,-53,-64,-39,-72,-50,-57,-39,-50,-50,-50,-47,-48,-48,-58,-8,-8,0,-65,-30,-30,-30,-30,-30,-30,-30,-30,-30,-30,-30,-30,-30,-30,-30,-30,-30,-30,-30,-30,-30,-37,0,-30,-30,-37,-37,-37,-37,-37,-37,-37,-37,-57,0,-37,0,-57,-37,-37,-37,-57,-37,-37,-38,-38,0,-64,0,0,0,0,0,-65,-8,-8,0,-8,0,0,0,0,0,0,0,0,0,0,0]} 1. d4 e6 2. c4 Bb4+ 3. Bd2 Qe7 4. e4 Nf6 5. Bd3 (5. Bxb4 Qxb4+ 6. Qd2 Qxd2+ 7. Nxd2 d6 8. f4 c5 9. dxc5 dxc5 10. e5 Ng4 11. Bd3 Nc6 12. h3 {1-0 (42) Karpov,A (2616)-Bauer,C (2664) Cap d'Agde 2012}) 5... Bxd2+ 6. Qxd2 {A40: Unusual replies to 1 d4} O-O $146 ({Predecessor:} 6... d6 7. e5 dxe5 8. dxe5 Nfd7 9. f4 Nc5 10. Nc3 O-O 11. O-O-O Nc6 12. Nf3 {½-½ (32) Shishkin,V (2517)-Dimitrov,R (2486) Mamaia 2015}) 7. Nf3 (7. e5 $16 Ng4 8. h3) 7... d6 $14 8. e5 {White is slightly better.} Nfd7 (8... dxe5 $11 9. dxe5 Nfd7) 9. O-O (9. exd6 $14 cxd6 10. O-O) 9... dxe5 $1 $11 10. dxe5 Rd8 {[#] Hoping for ...Nc5.} 11. Qf4 Nf8 12. Rd1 Ng6 13. Qe3 Qb4 (13... b6 $11) 14. Nc3 $16 {[%cal Bb1c3,Bc3b5,Bb5c7][%mdl 32]} Nd7 $2 (14... Bd7 $16 {was worth a try.}) 15. Nb5 $18 Qa5 $2 (15... Rb8 16. Bxg6 (16. Nxa7 Qe7 $18) 16... hxg6) 16. a3 (16. Bxg6 $142 hxg6 17. Ng5) 16... Qb6 17. Bxg6 Qxe3 {[#]} 18. Bxf7+ $1 {[%mdl 512]} Kxf7 19. fxe3 c6 20. Nc7 Rb8 21. Ng5+ (21. Rd6 $142) 21... Ke7 22. Ncxe6 Rh8 23. Nf4 (23. Rd4 $18 Nxe5 24. Re4 (24. Nxg7 Kf6 $15) 24... Bxe6 25. Rxe5) 23... Nxe5 $16 24. Rd4 Bf5 25. e4 ({White should try} 25. Nf3 $16 Nxf3+ 26. gxf3) 25... Bg4 $14 26. h3 h6 27. hxg4 hxg5 28. Nd3 Nxg4 29. e5 Ne3 30. Re4 $132 {[%mdl 2048] White puts up resistance} Nf5 31. Rg4 Rh5 32. Nc5 b6 33. Na6 Rbh8 34. Kf2 c5 35. b4 Rf8 36. Kg1 Rfh8 37. Kf2 Rf8 38. Kg1 Nd4 {[%cal Rd4e2]} 39. Ra2 Rf4 40. Rxf4 $1 gxf4 41. bxc5 bxc5 42. Nxc5 Rxe5 $11 {[%mdl 4096] Endgame KRN-KRN} 43. Nd3 Re4 44. Rb2 g5 45. Rb7+ Kf6 {...Re3 is the strong threat.} 46. Rxa7 Ne2+ 47. Kf2 Ng3 48. Ra6+ Kf5 {aiming for ...Re3.} 49. Ra5+ Kf6 50. Ra6+ Kf7 51. Rd6 Re3 52. Rd4 Ke6 53. Nxf4+ gxf4 54. Rxf4 Rxa3 {KRN-KR} 55. Rf3 Ne4+ 56. Ke2 Ra2+ 57. Ke3 Ke5 58. Rf8 Ra3+ 59. Ke2 Kd4 60. Rd8+ Kxc4 61. Rc8+ Kd5 62. Rd8+ Ke5 63. Re8+ Kf4 64. Rf8+ Kg4 65. Rg8+ Ng5 66. Kf2 Ra1 67. Ke2 Kf4 68. Rf8+ Kg3 69. Rg8 Ra2+ 70. Ke3 Ra5 71. Rg6 Rf5 72. Rg8 Kxg2 73. Rg6 Kg3 74. Rg8 Kg4 75. Rg6 Rf8 76. Ra6 Re8+ 77. Kd3 Kf4 78. Rf6+ Ke5 79. Ra6 Ne4 {And now ...Nc5+ would win.} 80. Ra5+ Kf4 81. Ra4 Rd8+ 82. Rd4 Re8 (82... Rxd4+ $11 83. Kxd4) 83. Ra4 $15 Kf3 {Threatens to win with ...Nc5+.} 84. Kd4 Nd6 85. Kd5 Nf5 86. Rb4 Ne3+ 87. Kd6 Ra8 88. Ke5 Ra5+ 89. Ke6 Nf5 90. Rb3+ Ke4 {White must now prevent ...Nd4+.} 91. Rb4+ Nd4+ 92. Kf6 Ra1 93. Rc4 Rf1+ 94. Kg5 Ra1 95. Kf6 Kd5 96. Rc8 Nc6 97. Re8 Rf1+ 98. Kg5 Ne5 99. Ra8 Nf7+ 100. Kg4 Ne5+ 101. Kg5 Nc6 102. Re8 Nd4 103. Ra8 Ke5 104. Ra5+ Ke4 105. Ra4 Rf5+ 106. Kg6 Rd5 107. Kf6 ({White should play} 107. Ra1 $11) 107... Kf4 (107... Rc5 $1 $15) 108. Rc4 Rd7 109. Ra4 Ke4 110. Rc4 (110. Ra1 $1 $11) 110... Rd6+ (110... Ra7 $1 $15) 111. Ke7 $11 {The position is equal.} Ra6 112. Kf7 Ke5 113. Rc5+ Kd6 114. Rc1 Nf3 115. Kf6 Kd5+ 116. Kf5 Nd4+ 117. Kg5 Rc6 {Precision: White = 61%, Black = 48%.} 1/2-1/2

[Event "9th LCC FIDE Open 2017"]
[Site "London"]
[Date "2017.12.09"]
[Round "9"]
[White "Vo, Thi Kim Phung"]
[Black "Maze, Sebastien"]
[Result "0-1"]
[WhiteElo "2380"]
[BlackElo "2614"]
[Annotator "TA"]
[PlyCount "230"]
[EventDate "2017.??.??"]
[EventCountry "ENG"]
[SourceTitle "playchess.com"]
[Source "ChessBase"]
[SourceQuality "1"]

{[%evp 17,230,30,56,31,51,50,66,34,33,39,27,32,41,14,27,0,0,0,0,0,7,-12,27,28,51,-21,-33,-30,-18,-38,-39,-41,-40,-44,-30,-75,-67,-68,-70,-83,-62,-65,-52,-61,-57,-57,-47,-56,-50,-83,-78,-81,-79,-143,-85,-115,-118,-139,-66,-225,-230,-208,-175,-371,-159,-144,-137,-146,-137,-115,-140,-236,-236,-263,-150,-155,-143,-227,-225,-331,-311,-329,-319,-322,-314,-308,-333,-326,-326,-326,-322,-310,-283,-504,-529,-506,-343,-339,-339,-344,-338,-329,-287,-308,-299,-307,-301,-287,-266,-240,-241,-327,-175,-170,-89,-187,-201,-241,-262,-235,-236,-361,-322,-584,-539,-867,-874,-818,-795,-722,-637,-1500,-1480,-961,-773,-29959,-29961,-29959,-29961,-29971,-29967,-29969,-29970,-29969,-29971,-29969,-29972,-29972,-29971,-29971,-29970,-29979,-29979,-29978,-29980,-29981,-29982,-29982,-29976,-29978,-29979,-29979,-29979,-29981,0,-29979,-29980,-29980,-29981,-29981,-29982,-29982,-29983,-29983,-29980,-29980,-29980,-29980,-29974,-29983,-29984,-29983,-29984,-29984,-29985,-29987,-29988,-29988,-29987,-29987,-29988,-29991,-29991,-29991,-29992,-29991,-29991,-29991,-29992,-29993,-29994,-29994,-29995,-29995,-29995,-29995,-29995,-29995,-29994,-29994,-29995,-29996,-29975,-29997,0]} 1. d4 Nf6 2. c4 d6 3. Nf3 g6 4. Nc3 Bg7 5. e4 O-O 6. Be2 Nbd7 7. O-O e5 8. Re1 Re8 9. Bf1 a6 {LiveBook: 73 Games} 10. dxe5 {E95: King's Indian: Classical: 7...Nbd7 8 Re1} (10. Rb1 exd4 11. Nxd4 c6 12. Bf4 Ne5 13. h3 Be6 14. b3 c5 15. Nxe6 Rxe6 16. Qd2 Nc6 17. Bd3 Nb4 18. Nd5 Nxd3 19. Qxd3 Nxd5 20. exd5 Rxe1+ 21. Rxe1 {½-½ (37) Wojtaszek,R (2736)-Jones,G (2664) Bilbao 2014}) 10... dxe5 11. Be3 Bf8 $146 ({Predecessor:} 11... c6 12. h3 Qe7 13. a3 a5 14. Qc2 Nh5 15. Na4 Nf4 16. c5 Ne6 17. Rad1 Bf8 {1-0 (102) Kiselev,S (2485)-Iordachescu,V (2485) Bucharest 1997}) 12. Qd2 {White is slightly better.} Ng4 {[%cal Bf6g4,Bg4h6,Bh6f7][%mdl 32]} 13. Bg5 f6 14. Bh4 c6 15. h3 Nh6 $1 16. Rad1 Qe7 17. a3 a5 18. Na4 Nf7 19. Qc2 g5 20. Bg3 Nc5 21. Nd2 (21. Nb6 $14 Ra7 22. Nxc8 Rxc8 23. h4) 21... Nxa4 $11 22. Qxa4 Qc7 23. Qc2 a4 24. Be2 Bc5 25. Nf1 $1 Be6 26. Nh2 Kg7 27. Bg4 Qe7 28. Qe2 Nd6 29. Rc1 Red8 30. Bxe6 Qxe6 31. Kh1 Kg6 32. f3 h5 33. Rf1 b6 34. Bf2 Nb7 35. Be1 (35. Rc2 $142) 35... Rd4 (35... Qd7 $142 36. Bc3 Qd3) 36. Bf2 Rd7 37. Be1 Qd6 (37... Rad8 $17 38. Bc3 Bd4) 38. Bc3 $2 ({White should play} 38. g3 $1 $15) 38... Qd3 $1 $19 {[%cal Rd3e2]} 39. Qe1 Qe3 40. Qg3 $2 (40. h4) 40... Qf4 (40... Nd6 $19 {and Black stays clearly on top.} 41. Qe1 Nxc4) 41. Qe1 $17 Rad8 42. Rc2 Qe3 43. Re2 Qd3 $36 {[%mdl 2048] Black is in control.} 44. h4 (44. Rd2 $17 Qxc4 45. Rxd7 Rxd7 46. h4) 44... Qxc4 $19 {Hoping for ...Rd1!} 45. Rc2 {[#]} Qb3 (45... Rd1 $1 $19 {[%mdl 512]} 46. Qxd1 Rxd1 47. Rxd1 gxh4) 46. Rc1 Qe6 47. Qg3 (47. Rc2 $17) 47... Be3 48. Rb1 (48. Rc2 {is a better defense.}) 48... Bf4 49. Qf2 Nc5 50. hxg5 fxg5 51. Qg1 Rd3 52. Rfd1 Rxd1 53. Rxd1 Rxd1 54. Qxd1 Qd7 55. Qxd7 $2 (55. Qe1 b5 56. Nf1) 55... Nxd7 {[%mdl 4096] Endgame KBN-KBN} 56. Nf1 b5 57. Kg1 Nb6 58. Nd2 g4 59. fxg4 hxg4 60. Kf2 Nc8 61. Ke2 Kf6 62. Bb4 Ke6 63. Kd3 Nb6 64. Nf1 Nc4 (64... Nd7 $142 65. g3 Bg5) 65. Kc2 Kf6 ({Better is} 65... g3 $19 66. b3 axb3+ 67. Kxb3 Nb6) 66. Bc5 (66. b3 $17 axb3+ 67. Kxb3) 66... g3 67. b3 axb3+ 68. Kxb3 Na5+ 69. Kb4 {[#]} (69. Kc2 $142) 69... Nb7 $1 70. Bf8 $2 (70. Bg1 {might work better.}) 70... Ke6 71. a4 bxa4 72. Kxa4 Nd6 73. Kb3 Nxe4 74. Kc4 Nd6+ 75. Kc5 Nf5 76. Kxc6 e4 77. Bb4 e3 78. Nxe3 Bxe3 79. Be1 Bf2 80. Ba5 Nd4+ 81. Kb7 Kd5 82. Bc7 Ne6 83. Bb8 Ke4 84. Bxg3 Bxg3 85. Kc6 Ke5 86. Kb5 Kd5 87. Kb4 Nc5 88. Kb5 Ne4 89. Kb4 Bd6+ 90. Kb3 Bg3 91. Kb4 $1 Nd6 {Black mates.} 92. Kc3 Ke4 93. Kd2 Nb5 94. Kc2 Kd4 95. Kb3 Nc3 96. Kb4 Bd6+ 97. Kb3 Bf8 98. g4 Be7 99. Kc2 Kc4 100. Kd2 Bg5+ 101. Ke1 Kd3 102. Kf2 Ke4 103. Kg2 Ke3 104. Kg3 Ne4+ 105. Kg2 Ke2 106. Kg1 Nf6 107. Kg2 Nd5 108. Kg1 Ne3 109. Kh2 Kf2 110. Kh3 Nd5 111. Kh2 Nf4 112. Kh1 Ng6 113. Kh2 Bf4+ 114. Kh1 Kf1 115. g5 Ne5 {[%mdl 32768] Precision: White = 43%, Black = 68%. . Loss on Time!?} 0-1

[Event "9th LCC FIDE Open 2017"]
[Site "London"]
[Date "2017.12.09"]
[Round "9"]
[White "Gumularz, Szymon"]
[Black "Nihal Sarin"]
[Result "1/2-1/2"]
[WhiteElo "2376"]
[BlackElo "2507"]
[Annotator "TA"]
[PlyCount "91"]
[EventDate "2017.??.??"]
[EventCountry "ENG"]
[SourceTitle "playchess.com"]
[Source "ChessBase"]
[SourceQuality "1"]

{[%evp 10,91,11,19,12,16,15,2,20,8,41,61,68,37,47,48,41,46,37,17,48,16,13,-16,-24,-24,-15,-26,0,-20,-21,-22,-27,-33,-43,-37,-33,-29,-28,-40,-11,-16,-12,-13,-16,-23,-10,-10,-10,-11,-10,-10,-8,-17,-16,-13,-16,-26,-14,-22,-15,-24,-22,-42,-8,-8,-11,-16,0,0,0,0,0,0,0,-8,0,0,0,0,0,0,0,-8]} 1. c4 e5 2. g3 Nf6 3. Bg2 d5 4. cxd5 Nxd5 5. Nc3 Nb6 6. e3 Nc6 {[%cal Bb8c6,Bc6b4,Bb4d3][%mdl 32] A22: English Opening: 1...e5 2 Nc3 Nf6} 7. Nge2 $1 Be7 (7... h5 8. h3 h4 9. g4 f5 10. d4 exd4 11. exd4 fxg4 12. Qd3 Qf6 13. Ne4 Bb4+ 14. Bd2 {0-1 (46) Caruana,F (2804)-Vachier Lagrave,M (2789) Paris 2016}) 8. O-O O-O 9. f4 Nb4 10. fxe5 Nd3 11. Nf4 Nxe5 12. d4 Ng6 13. Nd3 c6 14. b3 a5 15. a4 $146 ({Predecessor:} 15. h4) 15... Be6 16. Ba3 Bxa3 17. Rxa3 Qe7 18. Ra1 Rad8 19. Qc2 Nd5 20. Nxd5 Bxd5 21. Rae1 Bxg2 22. Qxg2 Rfe8 23. Qd2 Rd5 24. Qc3 h5 25. e4 Rdd8 26. Rf5 Qd6 27. d5 cxd5 28. Rxd5 Qb6+ 29. Nf2 $1 Rxd5 30. exd5 Rd8 31. Qf3 h4 32. Kg2 Qc5 33. Rd1 Ne5 34. Qe4 hxg3 35. hxg3 f6 36. d6 Rxd6 (36... b6 {keeps more tension.} 37. Rd5 Qc8 38. Nh3 Nf7 39. Nf4 Rxd6 40. Rxd6 Nxd6 41. Qd5+ Nf7) 37. Rxd6 {The position is equal.} Qxd6 38. Qxb7 Qc6+ (38... Qd2 {with more complications.} 39. Qc8+ Kf7 40. Qb7+ Kf8 41. Qc8+ Ke7) 39. Qxc6 Nxc6 $11 {[%mdl 4096] Endgame KN-KN} 40. Kf3 {Threatens to win with Ke4.} Kf7 41. Ke4 {Hoping for Kd5.} Ke6 42. g4 g6 43. Nd3 f5+ 44. gxf5+ gxf5+ 45. Kf4 Kd5 46. Kxf5 {Precision: White = 50%, Black = 58%.} 1/2-1/2

[Event "9th LCC FIDE Open 2017"]
[Site "London"]
[Date "2017.12.09"]
[Round "9"]
[White "Sowray, Peter J"]
[Black "Wells, Peter K"]
[Result "0-1"]
[WhiteElo "2357"]
[BlackElo "2441"]
[Annotator "TA"]
[PlyCount "46"]
[EventDate "2017.??.??"]
[EventCountry "ENG"]
[SourceTitle "playchess.com"]
[Source "ChessBase"]
[SourceQuality "1"]

{[%evp 12,46,13,18,26,25,50,17,17,0,0,-7,0,-18,-4,-19,-24,-20,0,0,0,0,-16,-445,-466,-906,-915,-865,-906,-897,-879,-930,-590,-1393,-1387,-29996,-29997]} 1. c4 e6 2. Nc3 d5 3. e3 Nf6 4. Nf3 a6 (4... Be7 5. b3 O-O 6. Bb2 Ne4 7. Qc2 Nxc3 8. Bxc3 Nd7 9. Bd3 g6 10. h4 Bf6 11. cxd5 exd5 12. h5 Bxc3 13. Qxc3 Qf6 14. Rc1 Qxc3 15. Rxc3 {½-½ (46) Khismatullin,D (2628)-Fedoseev,V (2733) Sochi 2017}) 5. b3 c5 6. cxd5 {A17: English Opening: 1...Nf6 with ...Bb4} exd5 7. d4 {LiveBook: 9 Games} cxd4 8. Nxd4 {White has an edge.} Bb4 9. Bd2 O-O $146 ({Predecessor:} 9... Nc6 10. Nxc6 bxc6 11. Bd3 O-O 12. Ne2 Bd6 13. Qc2 c5 14. Bc3 Re8 {0-1 (35) Giertz,N (2350)-Gaponenko,I (2458) Biel 2007}) 10. Be2 Re8 11. O-O Nc6 12. Nxc6 bxc6 13. Bf3 Bd6 $36 {[%mdl 2048] Black is pushing.} 14. Bc1 h5 15. Bb2 Ng4 16. g3 $1 Qg5 {White must now prevent ...h4.} 17. Bg2 $2 {[%mdl 8192] [#]} (17. h4 $1 $11 {and White stays safe.} Qg6 18. Ne2) 17... h4 $1 $19 18. Re1 (18. Nxd5 $142 cxd5 19. Qxd5) 18... hxg3 19. hxg3 {[#]} Nxf2 $1 {[%mdl 512]} 20. Kxf2 Qxg3+ 21. Kf1 Bh3 {[%csl Gh3][%cal Rg3g2]} 22. Re2 Rxe3 23. Rf2 Qh2 {Precision: White = 40%, Black = 75%.} 0-1